World of Goo Subtitles - Statistics

General Stats
  • This quiz has been taken 27 times
  • The average score is 20 of 49
Answer Stats
Hint Answer % Correct
Going Up easy as Goo pie
100%
Small Divide easier than it looks
82%
Hang Low wake up the sleeping Goo
64%
Super Fuse Challenge Time everyone's a winner*
55%
Product Launcher happy new year
55%
Whistler learn how!
55%
Fisty's Bog not too high, not too low
55%
Flying Machine some balls are lighter than other balls
55%
Observatory Observation Station this is it!
55%
Chain balance
45%
My Virtual World of Goo Corporation beta!
45%
Ivy Towers brace yourself
45%
Water Lock eureka
45%
Blustery Day here come the windmills
45%
Tower of Goo higher and higher!
45%
Ode to the Bridge Builder it looks harder than it is
45%
Leap Hole it's not a bug, it's a feature
45%
Tower of Goo Memorial Park and Recreation Center now 20% more infinite in all directions
45%
Road Blocks tech supports
45%
Drool welcome back
45%
MOM's Computer welcome home
45%
Misty's Long Bony Road a love story
36%
Horizontal Transportation Innovation Committee blue sky smackdown
36%
Volcanic Percolator Day Spa bubble up
36%
World of Goo Corporation exciting innovation in Goo product
36%
The Third Wheel hey, look over there!
36%
Beauty and the Electric Tentacle how did she get up there?
36%
Infesty the Worm Infesty Grows Up
36%
Tumbler keep growing
36%
Welcoming Unit please wipe your feet
36%
Second Hand Smoke some balls are more flammable than other balls
36%
Genetic Sorting Machine some balls are prettier than other balls
36%
Alice and Bob and the Third Party somebody is listening
36%
Burning Man welcome to the factory
36%
Weather Vane cloudy with a chance of doom
27%
The Server Farm cpu cycles at low low prices!
27%
Impale Sticky if you get in trouble, just go back in time
27%
Regurgitation Pumping Station it's a secret
27%
Beauty School it's time to work!
27%
Bulletin Board System packet loss mitigation operation
27%
Deliverance recycle bin and back again
27%
Upper Shaft strategic demolition
27%
Grape Vine Virus the benevolent infection
27%
You Have To Explode The Head the original cog in the machine
27%
Incineration Destination the puzzling adventure
27%
The Red Carpet get ready for the close-up
18%
Fly Away Little Ones multi-terrain hover mobile
18%
Graceful Failure unblocked
18%
Graphic Processing Unit unauthorized upgrade mod
9%
No matching quizzes found
Score Distribution
Percent of People with Each Score
Percentile by Number Answered
Your Score History
You have not taken this quiz